50 OF THE WORLD'S BEST APATRMENTS (Record no. 33113)

MARC details
000 -LEADER
fixed length control field 00398nam a22001577a 4500
005 - DATE AND TIME OF LATEST TRANSACTION
control field 20230905191111.0
008 - FIXED-LENGTH DATA ELEMENTS--GENERAL INFORMATION
fixed length control field 230721b |||||||| |||| 00| 0 eng d
020 ## - INTERNATIONAL STANDARD BOOK NUMBER
ISBN 9781920744496
082 ## - DEWEY DECIMAL CLASSIFICATION NUMBER
Classification number 728.314
Item number APA
245 ## - TITLE STATEMENT
Title 50 OF THE WORLD'S BEST APATRMENTS
260 ## - PUBLICATION, DISTRIBUTION, ETC.
Place of Publication Australia
Name of publisher, distributor, etc. P images publishing
Date of publication, distribution, etc. 2009
300 ## - PHYSICAL DESCRIPTION
Pages 330
500 ## - GENERAL NOTE
General note include index
650 ## - SUBJECT ADDED ENTRY--TOPICAL TERM
Subject / Department Architecture
952 ## - LOCATION AND ITEM INFORMATION (KOHA)
-- 0
-- 0
Holdings
Lost status Damaged status Permanent Location Current Location Shelving Location Date acquired Full Call Number Accession No./Barcode Date last seen item type
    Superior Information Resource Center (SIRC) Superior University- Central Library Superior Information Resource Center (SIRC) Superior University- Central Library Architecture 07/21/2023 728.314 APA 2009 20232 07/21/2023 BOOK

Powered by Koha